[Event "RUS-chT U18"]
[Site "St Petersburg"]
[Date "2015.08.03"]
[Round "3.8"]
[White "Alekseeva, Irina Kon"]
[Black "Khusnutdinova, Alsu"]
[Result "1/2-1/2"]
[WhiteElo "2141"]
[BlackElo "2133"]
[PlyCount "106"]
[EventDate "2015.08.01"]
[EventType "team-swiss"]
[EventRounds "9"]
[EventCountry "RUS"]
[SourceTitle "CBM 167 Extra"]
[Source "ChessBase"]
[SourceDate "2015.09.14"]
[SourceVersion "1"]
[SourceVersionDate "2015.09.14"]
[SourceQuality "1"]
[WhiteTeam "Kurgan Youth"]
[BlackTeam "Izhevsk MBOU"]
[WhiteTeamCountry "RUS"]
[BlackTeamCountry "RUS"]

1. e4 e5 2. Nf3 Nc6 3. Bc4 Bc5 4. c3 Nf6 5. d3 0-0 6. Bb3 d5 7. Qe2 h6 8. h3 Re8 9. Nbd2 dxe4 10. dxe4 Qe7 11. g4 Be6 12. Bc2 Nh7 13. Nf1 Nf8 14. Ng3 Ng6 15. Nf5 Bxf5 16. gxf5 Nf4 17. Bxf4 exf4 18. 0-0-0 Ne5 19. Rhg1 Nxf3 20. Qxf3 Bd6 21. Qh5 Qf6 22. Bb3 Kf8 23. Rd4 Re7 24. Rgd1 Rae8 25. Qf3 b5 26. Bd5 Be5 27. R4d2 a5 28. a3 Qb6 29. Bb3 b4 30. cxb4 axb4 31. a4 Bf6 32. Kb1 Qc6 33. Rc2 Qa8 34. Qxf4 Rxe4 35. Qxc7 R4e7 36. Qc5 Qf3 37. Qd5 Qxd1+ 38. Qxd1 Re1 39. Qxe1 Rxe1+ 40. Ka2 Re5 41. Rc4 Re2 42. Bc2 Ke7 43. a5 Re5 44. Kb3 Rxa5 45. Kxb4 Rd5 46. b3 Rd4 47. Kc5 Rxc4+ 48. bxc4 Bh4 49. f3 Bg3 50. Kc6 h5 51. c5 Kd8 52. Bb3 f6 53. Kb7 h4 1/2-1/2

[Event "RUS-chT U18"]
[Site "St Petersburg"]
[Date "2015.08.02"]
[Round "2.24"]
[White "Khusnutdinova, Alsu"]
[Black "Kiseleva, Ekaterina"]
[Result "1/2-1/2"]
[WhiteElo "2133"]
[BlackElo "1826"]
[PlyCount "131"]
[EventDate "2015.08.01"]
[EventType "team-swiss"]
[EventRounds "9"]
[EventCountry "RUS"]
[SourceTitle "CBM 167 Extra"]
[Source "ChessBase"]
[SourceDate "2015.09.14"]
[SourceVersion "1"]
[SourceVersionDate "2015.09.14"]
[SourceQuality "1"]
[WhiteTeam "Izhevsk MBOU"]
[BlackTeam "Vladivostok"]
[WhiteTeamCountry "RUS"]
[BlackTeamCountry "RUS"]

1. e4 e5 2. Nf3 d6 3. d4 exd4 4. Nxd4 Nf6 5. Nc3 Be7 6. Bc4 0-0 7. 0-0 Re8 8. Re1 a6 9. a4 Nbd7 10. f3 Ne5 11. Bb3 Bf8 12. Bg5 h6 13. Be3 c6 14. Qd2 Bd7 15. a5 Qc7 16. Nde2 Be6 17. Bxe6 Rxe6 18. b3 Rae8 19. Bb6 Qc8 20. Rad1 Ned7 21. Bf2 Qc7 22. b4 d5 23. Qd4 dxe4 24. Bg3 Qc8 25. Nxe4 c5 26. Qd3 cxb4 27. Nd6 Qc5+ 28. Qd4 Bxd6 29. Bxd6 Qxa5 30. Bxb4 Qb6 31. Kf1 Qxd4 32. Rxd4 Rc8 33. c3 Ne5 34. Red1 Nc6 35. Rd6 Nxb4 36. cxb4 Rc6 37. R6d4 Re7 38. Nf4 Rcc7 39. h4 Red7 40. Nh5 Rxd4 41. Nxf6+ gxf6 42. Rxd4 Rc1+ 43. Kf2 Kg7 44. h5 f5 45. Ke3 Rc2 46. g3 Rh2 47. Rd7 b5 48. Rd6 Rb2 49. Rxa6 Rxb4 50. Rb6 f4+ 51. gxf4 Rb1 52. Ke4 b4 53. f5 Rh1 54. f6+ Kh7 55. Rb7 Kg8 56. Rxb4 Rxh5 57. Rb7 Rc5 58. f4 Rc6 59. Ke5 Re6+ 60. Kf5 Ra6 61. Re7 Ra5+ 62. Re5 Ra8 63. Re7 Ra5+ 64. Kg4 h5+ 65. Kh4 Rf5 66. Re5 1/2-1/2

[Event "Samara Polugaevsky Memorial 5th"]
[Site "Samara"]
[Date "2015.07.11"]
[Round "9"]
[White "Khusnutdinova, Alsu"]
[Black "Smirnov, Timofey"]
[Result "1/2-1/2"]
[WhiteElo "2059"]
[BlackElo "2318"]
[PlyCount "146"]
[EventDate "2015.07.03"]
[EventType "swiss"]
[EventRounds "9"]
[EventCountry "RUS"]
[SourceTitle "EXT 2017"]
[Source "ChessBase"]
[SourceDate "2016.10.25"]
[SourceVersion "1"]
[SourceVersionDate "2016.10.25"]
[SourceQuality "1"]

1. e4 c5 2. Nf3 a6 3. c4 Nc6 4. d4 cxd4 5. Nxd4 Nf6 6. Nc3 d6 7. Be2 g6 8. Be3 Bg7 9. 0-0 0-0 10. Qd2 Ng4 11. Bxg4 Bxg4 12. Nde2 Be6 13. Nd5 Ne5 14. Rac1 Rc8 15. b3 Nd7 16. Bh6 Bxd5 17. exd5 Ne5 18. Bxg7 Kxg7 19. Qd4 Kg8 20. b4 a5 21. a3 axb4 22. axb4 Qc7 23. c5 dxc5 24. bxc5 Nd7 25. c6 bxc6 26. dxc6 Nb8 27. Qe4 Nxc6 28. Nd4 Qe5 29. Qxe5 Nxe5 30. Rce1 Nd3 31. Rxe7 Rfd8 32. Nf3 Kf8 33. Ra7 h6 34. h4 Rd5 35. Rd1 Rcd8 36. Ne1 Ne5 37. Rxd5 Rxd5 38. Ra1 Rd4 39. g3 Rd2 40. Ra3 Ng4 41. Nd3 Kg7 42. f3 Rd1+ 43. Kg2 Ne3+ 44. Kf2 Nc2 45. Rc3 Rd2+ 46. Kg1 Nd4 47. Nc1 Nf5 48. f4 Nxg3 49. Rxg3 Rd1+ 50. Kf2 Rxc1 51. f5 Rc2+ 52. Kf1 Rh2 53. fxg6 fxg6 54. Rg4 Kf6 55. Kg1 Re2 56. Rf4+ Ke5 57. Rf8 Rd2 58. Rg8 Rd6 59. Kg2 Kf5 60. Ra8 Rd2+ 61. Kg3 Rd3+ 62. Kg2 Rd4 63. h5 g5 64. Ra6 Kg4 65. Rxh6 Rd2+ 66. Kg1 Kg3 67. Rf6 Rg2+ 68. Kf1 Rh2 69. Kg1 g4 70. Ra6 Kh3 71. h6 Rg2+ 72. Kf1 Rh2 73. Kg1 Rg2+ 1/2-1/2

[Event "Samara Polugaevsky Memorial 5th"]
[Site "Samara"]
[Date "2015.07.03"]
[Round "1"]
[White "Palachev, Petr"]
[Black "Khusnutdinova, Alsu"]
[Result "1-0"]
[WhiteElo "2392"]
[BlackElo "2059"]
[PlyCount "63"]
[EventDate "2015.07.03"]
[EventType "swiss"]
[EventRounds "9"]
[EventCountry "RUS"]
[SourceTitle "EXT 2017"]
[Source "ChessBase"]
[SourceDate "2016.10.25"]
[SourceVersion "1"]
[SourceVersionDate "2016.10.25"]
[SourceQuality "1"]

1. d4 Nf6 2. Nf3 e6 3. g3 b5 4. Bg2 Bb7 5. 0-0 c5 6. Na3 a6 7. c4 bxc4 8. Nxc4 d5 9. Nce5 cxd4 10. Ng5 Qb6 11. Ngxf7 Rg8 12. Ng5 Nbd7 13. Nxd7 Kxd7 14. Bh3 Re8 15. Nf3 Bc5 16. Rb1 Ne4 17. Bd2 Ke7 18. b4 Bd6 19. Nxd4 Kf7 20. Be3 e5 21. Be6+ Rxe6 22. Nxe6 d4 23. Ng5+ Kf6 24. Qb3 dxe3 25. Nxe4+ Bxe4 26. Qxg8 Bxb1 27. Rxb1 exf2+ 28. Kf1 Qd4 29. Qb3 e4 30. e3 Qb6 31. Kxf2 Kg5 32. Qd5+ 1-0

[Event "RUS-chT U20"]
[Site "Kolomna"]
[Date "2014.08.09"]
[Round "8"]
[White "Gurvich, Vitaly"]
[Black "Khusnutdinova, Alsu"]
[Result "0-1"]
[WhiteElo "2132"]
[BlackElo "2025"]
[PlyCount "98"]
[EventDate "2014.08.02"]
[EventType "swiss"]
[EventRounds "9"]
[EventCountry "RUS"]
[SourceTitle "EXT 2016"]
[Source "ChessBase"]
[SourceDate "2015.10.08"]
[SourceVersion "1"]
[SourceVersionDate "2015.10.08"]
[SourceQuality "1"]

1. e4 e5 2. Nf3 Nc6 3. Bb5 a6 4. Bxc6 dxc6 5. 0-0 f6 6. d4 exd4 7. Nxd4 c5 8. Nb3 Qxd1 9. Rxd1 Bd6 10. Be3 b6 11. Nc3 Bb7 12. a4 Ne7 13. Nd2 Be5 14. a5 0-0-0 15. Nc4 Bxc3 16. bxc3 b5 17. Nd2 c4 18. Bc5 Rhe8 19. f3 Nc6 20. Kf2 Rd7 21. Bb4 Red8 22. Ke1 Nxb4 23. cxb4 c5 24. bxc5 Kc7 25. Nf1 Kc6 26. Rxd7 Rxd7 27. Rd1 Rxd1+ 28. Kxd1 Bc8 29. c3 Kxc5 30. Ne3 b4 31. Nd5 b3 32. Nc7 f5 33. e5 f4 34. Kc1 g5 35. Kb2 h6 36. Ka3 Kc6 37. Na8 Be6 38. Nb6 h5 39. h3 Kc5 40. Kb2 g4 41. hxg4 hxg4 42. Na8 Kc6 43. Nb6 g3 44. Ka3 Kc5 45. Kb2 Bh3 46. Ka3 Bxg2 47. e6 Bxf3 48. e7 Bc6 49. Na8 g2 0-1

[Event "RUS-chT U20"]
[Site "Kolomna"]
[Date "2014.08.03"]
[Round "2"]
[White "Povolotsky, Evgeny"]
[Black "Khusnutdinova, Alsu"]
[Result "0-1"]
[WhiteElo "2081"]
[BlackElo "2025"]
[PlyCount "76"]
[EventDate "2014.08.02"]
[EventType "swiss"]
[EventRounds "9"]
[EventCountry "RUS"]
[SourceTitle "EXT 2016"]
[Source "ChessBase"]
[SourceDate "2015.10.08"]
[SourceVersion "1"]
[SourceVersionDate "2015.10.08"]
[SourceQuality "1"]

1. d4 Nf6 2. c4 e6 3. Nc3 Bb4 4. Bg5 b6 5. f3 h6 6. Bh4 c5 7. d5 Bxc3+ 8. bxc3 e5 9. e3 d6 10. Bd3 Nbd7 11. Qc2 b5 12. cxb5 g5 13. Bf2 Nxd5 14. Be4 N7f6 15. Rd1 Be6 16. Bxd5 Nxd5 17. e4 Nb6 18. Bxc5 Nc4 19. Ne2 Qb8 20. Bf2 Qxb5 21. 0-0 0-0 22. Nc1 a5 23. Nb3 a4 24. Nd2 Nb2 25. Rb1 a3 26. c4 Qa4 27. Rfc1 Rfc8 28. Qxa4 Rxa4 29. c5 Bxa2 30. Ra1 Be6 31. Nb1 Nd3 32. Rd1 Nxf2 33. Kxf2 a2 34. Nc3 Rc4 35. Nxa2 Rc2+ 36. Kg1 Rxa2 37. Rxa2 Bxa2 38. cxd6 Be6 0-1

[Event "RUS-chT U20"]
[Site "Kolomna"]
[Date "2014.08.02"]
[Round "1"]
[White "Khusnutdinova, Alsu"]
[Black "Lupolov, Boris"]
[Result "1-0"]
[WhiteElo "2025"]
[BlackElo "1717"]
[PlyCount "75"]
[EventDate "2014.08.02"]
[EventType "swiss"]
[EventRounds "9"]
[EventCountry "RUS"]
[SourceTitle "EXT 2016"]
[Source "ChessBase"]
[SourceDate "2015.10.08"]
[SourceVersion "1"]
[SourceVersionDate "2015.10.08"]
[SourceQuality "1"]

1. e4 c6 2. d4 d5 3. Nd2 dxe4 4. Nxe4 Bf5 5. Ng3 Bg6 6. Nf3 Nd7 7. h4 h6 8. h5 Bh7 9. Bd3 Bxd3 10. Qxd3 e6 11. Bf4 Qa5+ 12. Bd2 Qc7 13. 0-0-0 Ngf6 14. Ne4 Nxe4 15. Qxe4 Nf6 16. Qe2 Bd6 17. g3 0-0-0 18. c4 c5 19. Bc3 cxd4 20. Nxd4 a6 21. Kb1 Rhe8 22. Nb3 e5 23. Ba5 b6 24. c5 bxa5 25. cxd6 Qb7 26. Nxa5 Qe4+ 27. Qxe4 Nxe4 28. Rc1+ Kd7 29. Rhe1 Nxd6 30. Nc6 Rc8 31. Nxe5+ Ke6 32. Nc4+ Kf6 33. Nxd6 Rxc1+ 34. Rxc1 Re6 35. Rc6 Ke7 36. Nf5+ Kf6 37. Rxe6+ fxe6 38. Ne3 1-0

[Event "Izhevsk Corporation Cup 6th"]
[Site "Izhevsk"]
[Date "2014.07.19"]
[Round "7"]
[White "Gaifullin, Artur"]
[Black "Khusnutdinova, Alsu"]
[Result "1/2-1/2"]
[WhiteElo "2177"]
[BlackElo "2025"]
[PlyCount "89"]
[EventDate "2014.07.12"]
[EventType "swiss"]
[EventRounds "9"]
[EventCountry "RUS"]
[SourceTitle "CBM 161 Extra"]
[Source "ChessBase"]
[SourceDate "2014.08.29"]
[SourceVersion "1"]
[SourceVersionDate "2014.08.29"]
[SourceQuality "1"]

1. d4 Nf6 2. c4 e6 3. Nf3 Bb4+ 4. Nbd2 b6 5. a3 Bxd2+ 6. Qxd2 Bb7 7. e3 Ne4 8. Qc2 f5 9. Be2 0-0 10. b4 d6 11. Bb2 Nd7 12. 0-0 Ng5 13. Qd1 Qf6 14. Nxg5 Qxg5 15. Bf3 Be4 16. g3 Rae8 17. Bg2 Nf6 18. Re1 Bxg2 19. Kxg2 Qh6 20. d5 e5 21. h3 Ne4 22. f3 Nf6 23. Qc2 Nh5 24. Bc1 Qg6 25. Qf2 f4 26. exf4 Nxf4+ 27. Bxf4 Rxf4 28. Qe2 Ref8 29. Rf1 e4 30. fxe4 Rxf1 31. Rxf1 Rxf1 32. Qxf1 Qxe4+ 33. Kh2 Qc2+ 34. Kh1 h6 35. h4 Qe4+ 36. Kh2 b5 37. cxb5 Qxd5 38. Qe2 Qe5 39. Qf2 Qxb5 40. Qxa7 Qe2+ 41. Kh3 Qf1+ 42. Kh2 Qc4 43. Qe3 Kh7 44. Qf4 Qc2+ 45. Kh3 1/2-1/2

[Event "Izhevsk Corporation Cup 6th"]
[Site "Izhevsk"]
[Date "2014.07.15"]
[Round "4"]
[White "Khusnutdinova, Alsu"]
[Black "Krutko, Anatoly"]
[Result "1-0"]
[WhiteElo "2025"]
[BlackElo "2420"]
[PlyCount "91"]
[EventDate "2014.07.12"]
[EventType "swiss"]
[EventRounds "9"]
[EventCountry "RUS"]
[SourceTitle "CBM 161 Extra"]
[Source "ChessBase"]
[SourceDate "2014.08.29"]
[SourceVersion "1"]
[SourceVersionDate "2014.08.29"]
[SourceQuality "1"]

1. e4 c5 2. Nf3 e6 3. d4 cxd4 4. Nxd4 Nc6 5. Nc3 Qc7 6. Ndb5 Qb8 7. Be3 a6 8. Bb6 axb5 9. Nxb5 Bb4+ 10. c3 Ba5 11. Nc7+ Qxc7 12. Bxc7 Bxc7 13. Qg4 Kf8 14. f4 Nf6 15. Qf3 d5 16. e5 Ne4 17. Bd3 Nc5 18. Bc2 Bb6 19. a4 Ke7 20. b4 Nd7 21. Ke2 d4 22. Be4 dxc3 23. Bxc6 bxc6 24. Qxc6 Ra6 25. Rhd1 Rd8 26. b5 c2 27. Qxc2 Ra7 28. Qc6 Ba5 29. Rab1 Rc7 30. Qd6+ Ke8 31. Rdc1 Rxc1 32. Rxc1 Bb7 33. Rd1 Bb6 34. Qa3 Rc8 35. a5 Bc5 36. Qd3 Nf8 37. b6 Bd5 38. Qb5+ Nd7 39. b7 Rb8 40. a6 Kd8 41. g4 Ba7 42. Qa5+ Bb6 43. Qa3 Ba7 44. Rc1 g5 45. Qd6 gxf4 46. Rc7 1-0

[Event "Samara Polugaevsky Memorial 4th"]
[Site "Samara"]
[Date "2014.07.10"]
[Round "9"]
[White "Khusnutdinova, Alsu"]
[Black "Demianjuk, Alexander"]
[Result "0-1"]
[WhiteElo "2025"]
[BlackElo "2359"]
[PlyCount "164"]
[EventDate "2014.07.02"]
[EventType "swiss"]
[EventRounds "9"]
[EventCountry "RUS"]
[SourceTitle "CBM 161 Extra"]
[Source "ChessBase"]
[SourceDate "2014.08.29"]
[SourceVersion "1"]
[SourceVersionDate "2014.08.29"]
[SourceQuality "1"]

1. e4 c5 2. Nf3 e6 3. d4 cxd4 4. Nxd4 a6 5. Bd3 Nf6 6. 0-0 Qc7 7. Qe2 d6 8. c4 Be7 9. Nc3 0-0 10. Be3 Nbd7 11. Rac1 b6 12. f3 Bb7 13. b3 Rac8 14. g4 Ne5 15. Bb1 Nc6 16. Nxc6 Bxc6 17. Qf2 Nd7 18. Nd5 Bxd5 19. exd5 exd5 20. cxd5 Qb7 21. Qd2 b5 22. f4 Rfe8 23. Rxc8 Rxc8 24. Be4 Re8 25. Bf3 Bd8 26. Bf2 Bb6 27. Rc1 Bxf2+ 28. Qxf2 Nc5 29. Re1 Rc8 30. Qe3 g6 31. Kg2 b4 32. Kg3 a5 33. Qd4 Nd7 34. Re2 Qb6 35. Qxb6 Nxb6 36. Rd2 f6 37. Kf2 g5 38. fxg5 fxg5 39. Ke3 Nd7 40. Be4 Ne5 41. Bf5 Rc3+ 42. Ke4 Kg7 43. Be6 Rf3 44. Rg2 Kf6 45. Kd4 Rf1 46. Ke3 h6 47. Bc8 Ng6 48. Rc2 Ke5 49. Be6 Nf4 50. Rc8 Re1+ 51. Kf3 Re2 52. h4 Rxa2 53. hxg5 hxg5 54. Rg8 Nxe6 55. dxe6 Kxe6 56. Rxg5 d5 57. Kf4 Kd6 58. Rg8 Kc5 59. g5 Kd4 60. g6 Rf2+ 61. Kg3 Rf1 62. g7 Rf7 63. Kg4 a4 64. bxa4 b3 65. Kh5 b2 66. Rb8 Rxg7 67. Rxb2 Kc3 68. Rb8 Ra7 69. Kg4 Rxa4+ 70. Kf3 Ra2 71. Rb1 d4 72. Rd1 d3 73. Ke3 Re2+ 74. Kf3 Re8 75. Rc1+ Kb2 76. Rc7 d2 77. Rd7 Kc2 78. Rc7+ Kd1 79. Rh7 Re1 80. Ra7 Kc2 81. Ra2+ Kc1 82. Ra1+ Kb2 0-1

[Event "Samara Polugaevsky Memorial 4th"]
[Site "Samara"]
[Date "2014.07.07"]
[Round "6"]
[White "Ishkinin, Robert"]
[Black "Khusnutdinova, Alsu"]
[Result "0-1"]
[WhiteElo "1815"]
[BlackElo "2025"]
[PlyCount "86"]
[EventDate "2014.07.02"]
[EventType "swiss"]
[EventRounds "9"]
[EventCountry "RUS"]
[SourceTitle "CBM 161 Extra"]
[Source "ChessBase"]
[SourceDate "2014.08.29"]
[SourceVersion "1"]
[SourceVersionDate "2014.08.29"]
[SourceQuality "1"]

1. e4 c5 2. Nf3 d6 3. d4 cxd4 4. Nxd4 Nf6 5. Nc3 a6 6. h3 e5 7. Nb3 Be6 8. g4 h6 9. Bg2 Be7 10. 0-0 Nbd7 11. Be3 Rc8 12. Qd2 Qc7 13. Rac1 b5 14. Nd5 Bxd5 15. exd5 Nb6 16. Bxb6 Qxb6 17. Na5 Nd7 18. Rb1 Bg5 19. Qe1 Rxc2 20. Nc6 Nc5 21. Nxe5 0-0 22. Be4 Nxe4 23. Qxe4 Qc7 24. Nf3 Bf6 25. Kg2 Bxb2 26. a4 Qc5 27. axb5 axb5 28. Qd3 b4 29. Qb3 Ba3 30. Nd4 Rc3 31. Qd1 Qxd5+ 32. Kg1 Rxh3 33. f3 h5 34. Nf5 Qe5 35. Qxd6 Qxd6 36. Nxd6 hxg4 37. Kg2 Rxf3 38. Rxf3 gxf3+ 39. Kxf3 Rd8 40. Nc4 Rc8 41. Ne3 Rc1 42. Rb3 Rc3 43. Rb1 Bc1 0-1

[Event "Volga Region-ch (Women) 12th"]
[Site "Togliatti"]
[Date "2014.03.22"]
[Round "9"]
[White "Semenova, Alena"]
[Black "Khusnutdinova, Alsu"]
[Result "1-0"]
[WhiteElo "1997"]
[BlackElo "2021"]
[PlyCount "67"]
[EventDate "2014.03.14"]
[EventType "swiss"]
[EventRounds "9"]
[EventCountry "RUS"]
[SourceTitle "CBM 159 Extra"]
[Source "ChessBase"]
[SourceDate "2014.04.24"]
[SourceVersion "1"]
[SourceVersionDate "2014.04.24"]
[SourceQuality "1"]

1. e4 e6 2. d4 d5 3. Nd2 Be7 4. Bd3 Nf6 5. e5 Nfd7 6. Ne2 c5 7. c3 Nc6 8. Nf3 a6 9. 0-0 b5 10. Be3 Bb7 11. Rc1 Qb6 12. Bb1 c4 13. Ng3 0-0-0 14. b3 Qc7 15. Bc2 f6 16. exf6 gxf6 17. a4 h5 18. axb5 axb5 19. bxc4 dxc4 20. d5 Nde5 21. dxc6 Rxd1 22. cxb7+ Qxb7 23. Rfxd1 Nxf3+ 24. gxf3 f5 25. Nxf5 Rg8+ 26. Kf1 Ba3 27. Be4 Qc7 28. Ra1 exf5 29. Bxf5+ Kb8 30. Rxa3 b4 31. Ra4 Rg1+ 32. Kxg1 Qg7+ 33. Kf1 Qxc3 34. Ra7 1-0

[Event "Astrakhan op"]
[Site "Astrakhan"]
[Date "2013.08.17"]
[Round "4"]
[White "Khusnutdinova, Alsu"]
[Black "Dudin, Denis"]
[Result "1/2-1/2"]
[WhiteElo "2009"]
[BlackElo "2130"]
[PlyCount "84"]
[EventDate "2013.08.14"]
[EventType "swiss"]
[EventRounds "9"]
[EventCountry "RUS"]
[SourceTitle "CBM 156 Extra"]
[Source "ChessBase"]
[SourceDate "2013.10.22"]
[SourceVersion "1"]
[SourceVersionDate "2013.10.22"]
[SourceQuality "1"]

1. e4 c5 2. Nf3 Nc6 3. d4 cxd4 4. Nxd4 g6 5. c4 Bg7 6. Nc2 d6 7. Be2 Nf6 8. Nc3 0-0 9. 0-0 Be6 10. b3 a5 11. f3 Nd7 12. Bb2 Nc5 13. Kh1 a4 14. b4 a3 15. Nxa3 Nxb4 16. Qd2 Qa5 17. Nab5 Nc6 18. Rfd1 Rfc8 19. Nd5 Bxd5 20. cxd5 Ne5 21. Bc3 Qd8 22. Rdb1 Qf8 23. a3 Bh6 24. Qd4 Na4 25. Be1 Bg7 26. Qb4 Nc5 27. Bc3 Bf6 28. a4 Qh6 29. Bd2 Qh5 30. Ra3 Qh4 31. Nd4 Na6 32. Bxa6 bxa6 33. Rc3 Rxc3 34. Qxc3 Qf2 35. Be3 Qa2 36. Qb3 Qxb3 37. Rxb3 Rc8 38. Kg1 h5 39. f4 Ng4 40. Nc6 e6 41. Ba7 exd5 42. exd5 Kg7 1/2-1/2

[Event "Astrakhan op"]
[Site "Astrakhan"]
[Date "2013.08.16"]
[Round "3"]
[White "Khusnutdinova, Alsu"]
[Black "Muslimov, Evgeny"]
[Result "1-0"]
[WhiteElo "2009"]
[BlackElo "2124"]
[PlyCount "85"]
[EventDate "2013.08.14"]
[EventType "swiss"]
[EventRounds "9"]
[EventCountry "RUS"]
[SourceTitle "CBM 156 Extra"]
[Source "ChessBase"]
[SourceDate "2013.10.22"]
[SourceVersion "1"]
[SourceVersionDate "2013.10.22"]
[SourceQuality "1"]

1. e4 c6 2. Nc3 d6 3. d4 Nd7 4. Nf3 e5 5. Bc4 Be7 6. a4 h6 7. 0-0 Ngf6 8. Qe2 0-0 9. Bb3 Nh7 10. Be3 Ng5 11. Nxg5 Bxg5 12. f4 Bf6 13. dxe5 dxe5 14. f5 Bg5 15. Bxg5 Qxg5 16. Rf3 Qf6 17. Rg3 Kh7 18. Rd1 Nc5 19. Bc4 a5 20. Rd2 b6 21. Qd1 Nb7 22. Qf1 Nc5 23. Qd1 Nb7 24. h3 Kh8 25. Rf3 Rd8 26. Rxd8+ Nxd8 27. Rd3 Nb7 28. Kh2 Kh7 29. Ne2 Qe7 30. Ng3 Nc5 31. Rd6 Nxa4 32. Nh5 Nxb2 33. Qg4 Qg5 34. Bxf7 Ba6 35. Rg6 Qxg4 36. hxg4 Rg8 37. Bxg8+ Kxg8 38. Rxg7+ Kf8 39. Ra7 Bc4 40. Nf6 Na4 41. Nd7+ Ke8 42. Nxe5 Bb5 43. f6 1-0

[Event "Izhevsk Corporation Cup 5th"]
[Site "Izhevsk"]
[Date "2013.07.17"]
[Round "6"]
[White "Khusnutdinova, Alsu"]
[Black "Ipatov, Alexander"]
[Result "0-1"]
[WhiteElo "2009"]
[BlackElo "2583"]
[PlyCount "72"]
[EventDate "2013.07.11"]
[EventType "swiss"]
[EventRounds "9"]
[EventCountry "RUS"]
[SourceTitle "EXT 2014"]
[Source "ChessBase"]
[SourceDate "2013.11.20"]
[SourceVersion "1"]
[SourceVersionDate "2013.11.20"]
[SourceQuality "1"]

1. d4 Nf6 2. c4 g6 3. Nc3 Bg7 4. e4 d6 5. f3 0-0 6. Be3 Nbd7 7. Nh3 c5 8. d5 Ne5 9. Nf2 e6 10. Be2 exd5 11. cxd5 h5 12. 0-0 Rb8 13. a4 a6 14. h3 Re8 15. f4 Ned7 16. g4 hxg4 17. hxg4 g5 18. e5 gxf4 19. exf6 Rxe3 20. Nfe4 Nxf6 21. Rxf4 Nxe4 22. Nxe4 Bd4 23. Nf2 Rg3+ 24. Kf1 Qh4 25. Rxd4 Qh2 26. Bf3 Rg1+ 27. Ke2 Rxd1 28. Rdxd1 Bd7 29. Kf1 Qf4 30. Kg2 Re8 31. Rh1 Bxa4 32. Rh3 Bc2 33. Rah1 Kg7 34. g5 Re3 35. Rg3 Rb3 36. Ng4 Rxf3 0-1

[Event "Izhevsk Corporation Cup 5th"]
[Site "Izhevsk"]
[Date "2013.07.13"]
[Round "2"]
[White "Trifonov, Pavel"]
[Black "Khusnutdinova, Alsu"]
[Result "1-0"]
[WhiteElo "2227"]
[BlackElo "2009"]
[PlyCount "103"]
[EventDate "2013.07.11"]
[EventType "swiss"]
[EventRounds "9"]
[EventCountry "RUS"]
[SourceTitle "EXT 2014"]
[Source "ChessBase"]
[SourceDate "2013.11.20"]
[SourceVersion "1"]
[SourceVersionDate "2013.11.20"]
[SourceQuality "1"]

1. Nf3 Nf6 2. c4 e6 3. g3 b6 4. Bg2 Bb7 5. 0-0 Be7 6. b3 0-0 7. Bb2 d5 8. e3 c5 9. Qe2 Nc6 10. d3 Qd7 11. e4 d4 12. e5 Ne8 13. Nbd2 f5 14. exf6 gxf6 15. Rae1 Ng7 16. Bc1 Rae8 17. Nb1 Bd6 18. Bh6 Rf7 19. Bh3 f5 20. Ng5 Rf6 21. Bxg7 Qxg7 22. Qh5 Re7 23. f4 h6 24. Nxe6 Rfxe6 25. Rxe6 Rxe6 26. Bxf5 Re3 27. Be4 Bf8 28. Nd2 Nb4 29. f5 Bxe4 30. Nxe4 Nxd3 31. f6 Qf7 32. Qg4+ Kh8 33. Rf5 Re1+ 34. Kg2 Qb7 35. Rd5 Nb4 36. Re5 Nd3 37. Rd5 Qh7 38. Nd6 Nb4 39. Qc8 Kg8 40. f7+ Kg7 41. Nf5+ Kxf7 42. Rd8 Be7 43. Rh8 Qxh8 44. Qxh8 d3 45. Nxh6+ Ke6 46. Qc8+ Ke5 47. Qd7 Re2+ 48. Kf3 Kf6 49. h4 Re6 50. g4 Bd6 51. Qf7+ Ke5 52. Qf4# 1-0

[Event "Nezhmetdinov Memorial 35th"]
[Site "Kazan"]
[Date "2013.06.01"]
[Round "2"]
[White "Khusnutdinova, Alsu"]
[Black "Matsenko, Andrei"]
[Result "0-1"]
[WhiteElo "2001"]
[BlackElo "2212"]
[PlyCount "68"]
[EventDate "2013.05.31"]
[EventType "swiss"]
[EventRounds "9"]
[EventCountry "RUS"]
[SourceTitle "CBM 154 Extra"]
[Source "ChessBase"]
[SourceDate "2013.06.25"]
[SourceVersion "2"]
[SourceVersionDate "2013.06.25"]
[SourceQuality "1"]

1. e4 c5 2. Nf3 Nc6 3. d4 cxd4 4. Nxd4 Qc7 5. Nc3 e6 6. Be3 a6 7. Qd2 Nf6 8. 0-0-0 Be7 9. f3 h5 10. Be2 b5 11. Nb3 d6 12. Bf4 Ne5 13. a3 Bb7 14. Qd4 Rc8 15. Qa7 Ra8 16. Qf2 Rc8 17. Qa7 b4 18. axb4 Nc6 19. Qe3 e5 20. Bg5 Nxb4 21. Rd2 0-0 22. g4 hxg4 23. Rg1 d5 24. Bxf6 Bxf6 25. exd5 Nxd5 26. Nxd5 Bxd5 27. Rxg4 Bxb3 28. Qxb3 Rb8 29. Rb4 e4 30. c3 exf3 31. Bxf3 Bg5 32. Rxb8 Rxb8 33. Qd5 Qf4 34. b4 Rd8 0-1

[Event "Privolzhskogo FO-ch (Women)"]
[Site "Togliatti"]
[Date "2012.03.24"]
[Round "5"]
[White "Feofilova, Elizaveta"]
[Black "Khusnutdinova, Alsu"]
[Result "1/2-1/2"]
[WhiteElo "1746"]
[BlackElo "1794"]
[PlyCount "124"]
[EventDate "2012.03.20"]
[EventType "swiss"]
[EventRounds "9"]
[EventCountry "RUS"]
[SourceTitle "EXT 2013"]
[Source "ChessBase"]
[SourceDate "2012.11.22"]
[SourceVersion "1"]
[SourceVersionDate "2012.11.22"]
[SourceQuality "1"]

1. d4 Nf6 2. c4 e6 3. Nc3 Bb4 4. f3 c5 5. d5 d6 6. e4 e5 7. Nge2 h6 8. Bd2 Bxc3 9. Nxc3 Nbd7 10. Nb5 Nb6 11. Ba5 0-0 12. Qb3 Qe7 13. Be2 Nbd7 14. 0-0 b6 15. Bd2 Nh7 16. f4 a6 17. Nc3 exf4 18. Bxf4 Rb8 19. Bd3 Ne5 20. Rad1 Nf6 21. Qc2 Bd7 22. Ne2 g5 23. Bd2 Nxd3 24. Qxd3 Nxe4 25. Ng3 Nxg3 26. Qxg3 f5 27. h4 Rf7 28. hxg5 Rg7 29. Rde1 Qd8 30. g6 Qf6 31. Bc3 Qxg6 32. Qxg6 Rxg6 33. Re7 Rd8 34. Rfe1 h5 35. b4 Rg4 36. bxc5 dxc5 37. Be5 Ba4 38. Bc7 Rc8 39. d6 Rd4 40. R1e5 Bc6 41. Rxf5 Rg4 42. d7 Rxg2+ 43. Kf1 Bxd7 44. Rxd7 Rg6 45. Rxh5 Rg7 46. Rxg7+ Kxg7 47. Bxb6 Kf7 48. Rh7+ Ke6 49. Ra7 Rf8+ 50. Ke2 Rf4 51. Kd3 Rf3+ 52. Ke4 Rc3 53. Rxa6 Rxc4+ 54. Kd3 Kd5 55. Ra5 Rc1 56. a4 Kc6 57. Rb5 Ra1 58. Rxc5+ Kxb6 59. Rc4 Ka5 60. Kc3 Rc1+ 61. Kb3 Rxc4 62. Kxc4 Kxa4 1/2-1/2

[Event "Privolzhskogo FO-ch (Women)"]
[Site "Togliatti"]
[Date "2012.03.21"]
[Round "2"]
[White "Khusnutdinova, Alsu"]
[Black "Leolko, Ljudmila"]
[Result "1-0"]
[WhiteElo "1794"]
[BlackElo "1807"]
[PlyCount "101"]
[EventDate "2012.03.20"]
[EventType "swiss"]
[EventRounds "9"]
[EventCountry "RUS"]
[SourceTitle "EXT 2013"]
[Source "ChessBase"]
[SourceDate "2012.11.22"]
[SourceVersion "1"]
[SourceVersionDate "2012.11.22"]
[SourceQuality "1"]

1. e4 c5 2. Nf3 d6 3. d4 cxd4 4. Nxd4 Nf6 5. Nc3 g6 6. Be3 Bg7 7. f3 0-0 8. Qd2 Nc6 9. 0-0-0 d5 10. exd5 Nxd5 11. Nxc6 bxc6 12. Bd4 Nxc3 13. Qxc3 Bh6+ 14. Be3 Bxe3+ 15. Qxe3 Qa5 16. Bc4 Qb4 17. Rd4 Qb7 18. Qh6 Rb8 19. b3 e6 20. h4 Qe7 21. h5 Rb7 22. hxg6 fxg6 23. Qe3 Qf6 24. Kb1 a5 25. Re1 Kg7 26. Re4 Re8 27. Ba6 Rbe7 28. Bxc8 Rxc8 29. Rxe6 Rxe6 30. Qxe6 Qxe6 31. Rxe6 Kf7 32. Re4 c5 33. Ra4 Ra8 34. a3 Ke6 35. Kc1 Kd5 36. b4 cxb4 37. axb4 Kc4 38. Rxa5 Rb8 39. Ra7 h5 40. Ra6 g5 41. Ra5 Rg8 42. Re5 Kxb4 43. Re4+ Kc3 44. Re3+ Kd4 45. Kd2 g4 46. Re4+ Kd5 47. c4+ Kd6 48. fxg4 hxg4 49. Ke3 Kc5 50. Kf4 Rg7 51. Kg3 1-0